Kalyum nagarikathayum/ (Record no. 22663)

000 -LEADER
fixed length control field 00311nam a22001331a 4500
020 ## - INTERNATIONAL STANDARD BOOK NUMBER
ISBN 9788176901949
082 ## - DEWEY DECIMAL CLASSIFICATION NUMBER
Classification number M 909
Item number GAY/K
100 ## - MAIN ENTRY--AUTHOR NAME
Personal name Gayatri
245 ## - TITLE STATEMENT
Title Kalyum nagarikathayum/
Statement of responsibility, etc by Gayatri
260 ## - PUBLICATION, DISTRIBUTION, ETC. (IMPRINT)
Place of publication Thrissur:
Name of publisher Kerala Sahitya Academi,
Year of publication 2009.
300 ## - PHYSICAL DESCRIPTION
Number of Pages 91p.
650 ## - SUBJECT ADDED ENTRY--TOPICAL TERM
Topical Term History
942 ## - ADDED ENTRY ELEMENTS (KOHA)
Koha item type Book
Holdings
Withdrawn status Lost status Damaged status Not for loan Permanent Location Current Location Date acquired Cost, normal purchase price Full call number Accession Number Cost, replacement price Price effective from Koha item type
        Sree Sankaracharya University of Sanskrit Sree Sankaracharya University of Sanskrit 08.01.2015 60.00 M 909 GAY/K 068409 0.00 08.01.2015 Book